Comparative evaluation on growth of direct-seeded and budded stump poly bag rubber plants with inorganic and organic fertilizers (Record no. 55929)

MARC details
000 -LEADER
fixed length control field 00702nam a2200205Ia 4500
100 ## - MAIN ENTRY--AUTHOR NAME
Personal name Syamala V K
245 #0 - TITLE STATEMENT
Title Comparative evaluation on growth of direct-seeded and budded stump poly bag rubber plants with inorganic and organic fertilizers
260 ## - PUBLICATION, DISTRIBUTION, ETC. (IMPRINT)
Name of publisher PLACROSYM XIX, 7-10 December 2010, Kottayam. Climate Change. 19th Biennial Symposium on Plantation Crops. Abstracts.pp.125-126.
650 ## - SUBJECT ADDED ENTRY--TOPICAL TERM
Topical Term Bud grafts
650 ## - SUBJECT ADDED ENTRY--TOPICAL TERM
Topical Term Inorganic fertilisers
650 ## - SUBJECT ADDED ENTRY--TOPICAL TERM
Topical Term Planting materials
650 ## - SUBJECT ADDED ENTRY--TOPICAL TERM
Topical Term Root stocks
700 ## - ADDED ENTRY--PERSONAL NAME
Personal name George S
700 ## - ADDED ENTRY--PERSONAL NAME
Personal name Idicula S P
700 ## - ADDED ENTRY--PERSONAL NAME
Personal name Joseph K
700 ## - ADDED ENTRY--PERSONAL NAME
Personal name Nair A N S
700 ## - ADDED ENTRY--PERSONAL NAME
Personal name Nair N U
942 ## - ADDED ENTRY ELEMENTS (KOHA)
Koha item type Journals
Holdings
Withdrawn status Lost status Damaged status Not for loan Home library Current library Date acquired Koha item type
      Journals RRII Library RRII Library 02/02/2011 Journals